| 000 | 00857pam a2200253 a 4500 | ||
|---|---|---|---|
| 001 | 3417261 | ||
| 005 | 20130327135846.0 | ||
| 008 | 900906s1991 nyua b 001 0 eng | ||
| 010 | _a 90047806 | ||
| 020 | _a0130398845 : | ||
| 020 | _a9780130398840 | ||
| 082 | 0 | 0 |
_a622.338 _222 _bCRA |
| 100 | 1 |
_aCraft, B. C. _q(Benjamin Cole) _932997 |
|
| 245 | 1 | 0 |
_aApplied Petroleum Reservoir Engineering / _cB.C. Craft and M.F. Hawkins. |
| 250 |
_a2nd ed. / _brevised by Ronald E. Terry. |
||
| 260 |
_aEnglewood Cliffs, N.J. : _bPrentice Hall, _cc1991. |
||
| 300 |
_axv, 431 p. : _bill. ; _c24 cm. |
||
| 504 | _aIncludes bibliographical references and index. | ||
| 650 | 0 |
_aOil reservoir engineering. _932998 |
|
| 653 |
_bGen _cMarch2013 |
||
| 700 | 1 |
_aHawkins, Murray F. _q(Murray Free), _d1917- _932999 |
|
| 700 | 1 |
_aTerry, Ronald E. _933000 |
|
| 942 |
_2ddc _cBB |
||
| 999 |
_c17408 _d17380 |
||